Преосвященный Александр (Кульчицкий), православный миссионер, (1826-1888) (Запись № 3168872)

Подробности
000 -МАРКЕР
контрольное поле 01808nam0a2200349 i 4500
001 - ИДЕНТИФИКАТОР ЗАПИСИ
контрольное поле RU\NLR\bibl\1920989
005 - ИДЕНТИФИКАТОР ВЕРСИИ
контрольное поле 20260406062908.0
010 ## - МЕЖДУНАРОДНЫЙ СТАНДАРТНЫЙ НОМЕР КНИГИ (ISBN)
Номер (ISBN) 9785905064227
Тираж 500
021 ## - НОМЕР ГОСУДАРСТВЕННОЙ РЕГИСТРАЦИИ
Код страны Российская Федерация
Номер 2012-42777
Номер Листа государственной регистраци 3164
035 ## - ДРУГИЕ СИСТЕМНЫЕ НОМЕРА
Идентификатор записи (nilc)RSL-KNO-005451036
035 ## - ДРУГИЕ СИСТЕМНЫЕ НОМЕРА
Идентификатор записи (NLR Aleph) 001910445
100 ## - ДАННЫЕ ОБЩЕЙ ОБРАБОТКИ
Данные общей обработки 20120618d2012 u y0rusy50 ca
101 0# - ЯЗЫК РЕСУРСА
Язык текста, звукозаписи и т.д. русский
102 ## - СТРАНА ПУБЛИКАЦИИ ИЛИ ПРОИЗВОДСТВА
Страна публикации Российская Федерация
105 ## - ПОЛЕ КОДИРОВАННЫХ ДАННЫХ: ТЕКСТОВЫЕ МАТЕРИАЛЫ, МОНОГРАФИЧЕСКИЕ
Кодированные данные о монографическом текстовом документе y |||||||||
200 1# - ЗАГЛАВИЕ И СВЕДЕНИЯ ОБ ОТВЕТСТВЕННОСТИ
Основное заглавие Преосвященный Александр (Кульчицкий), православный миссионер, (1826-1888)
Сведения, относящиеся к заглавию жизнеописание
Первые сведения об ответственности митрополит Астанайский и Казахстанский Александр (Могилёв)
210 ## - ПУБЛИКАЦИЯ, РАСПРОСТРАНЕНИЕ И ДР.
Место издания, распространения и т.д. Москва
Имя издателя, распространителя и т. д. Наша Родина
Дата издания, распространения и т.д. 2012
215 ## - ФИЗИЧЕСКАЯ ХАРАКТЕРИСТИКА
Специфическое обозначение материала и объем 301, [1] с.
Другие сведения о физической характеристике цв. ил., карта, портр.
Размеры 25
320 ## - ПРИМЕЧАНИЯ О НАЛИЧИИ В ДОКУМЕНТЕ БИБЛИОГРАФИИ / УКАЗАТЕЛЯ
Текст примечания Библиогр. в примеч.
600 #0 - ИМЯ ЛИЦА КАК ПРЕДМЕТ
Начальный элемент ввода Александр
Дополнения к именам, кроме дат Кульчицкий, Андрей Иванович
-- епископ Костромский и Галицкий
Даты ок. 1823 - 1888
Системный номер авторитетной/нормативной записи 2129578
Идентификатор авторитетной/нормативной записи RU\NLR\auth\661588922
686 ## - ИНДЕКСЫ ДРУГИХ КЛАССИФИКАЦИЙ
Индекс Э372.24-637.21-350.8Александр,0
Код системы
686 ## - ИНДЕКСЫ ДРУГИХ КЛАССИФИКАЦИЙ
Индекс Э372.24-35-028
700 #0 - ИМЯ ЛИЦА - ПЕРВИЧНАЯ ОТВЕТСТВЕННОСТЬ
Код отношения Автор
Материалы, к которым относится поле rus
Графика поля Кириллица
Начальный элемент ввода Александр
Дополнения к именам, кроме дат Могилев, Александр Геннадьевич
-- митрополит Астанайский и Казахстанский
Даты 1957-
Идентификатор авторитетной/нормативной записи RU\NLR\AUTH\7713034
Системный номер авторитетной/нормативной записи 122740
702 #0 - ИМЯ ЛИЦА - ВТОРИЧНАЯ ОТВЕТСТВЕННОСТЬ
Код отношения Прочие
Материалы, к которым относится поле rus
Графика поля Кириллица
Начальный элемент ввода Александр
Дополнения к именам, кроме дат Кульчицкий, Андрей Иванович
-- епископ Костромской и Галичский
Даты ок.1823-1888
Идентификатор авторитетной/нормативной записи RU\NLR\AUTH\77108531
Системный номер авторитетной/нормативной записи 91456
801 #0 - ИСТОЧНИК ЗАПИСИ
Страна Российская Федерация
Организация RuMoRKP
Дата составления 20120618
Правила каталогизации rcr
801 #1 - ИСТОЧНИК ЗАПИСИ
Страна Российская Федерация
Организация РГБ
Дата составления 20120618
801 #2 - ИСТОЧНИК ЗАПИСИ
Страна Российская Федерация
Организация NLR
Дата составления 20120705
Правила каталогизации rcr
942 ## - ДОПОЛНИТЕЛЬНЫЕ ЭЛЕМЕНТЫ ЗАПИСИ (АБИС)
Тип экземпляра АБИС Книга
980 ## - КОЛЛЕКЦИЯ
Название коллекции НБР

Нет доступных экземпляров.